000 00499nam a2200181 u 4500
001 000642050
003 AM-YeHGA
005 20250617140840.0
008 090316s1962 ||| r 000 0 rus d
040 _aAM-YeHGA
041 0 _arus
100 1 _aЛысцов, Иван Васильевич
245 1 0 _aЗолотёна /
_cИван Лысцов.
260 _aМосква :
_bМол. гвардия,
_c1962.
300 _a95 с.
653 0 _aРусская поэзия
090 _c229388
999 _c227845
_d227845